00313nam a2200109Ia 4500008004100000082001500041100002000056245004900076260005100125300001300176600001400189250701s9999 xx 000 0 und d a297.63 AZI aAziz, Qutbuddin 4aThe Prophet of Islam:ba blessing to mankind aRiyadh:bWorld Assembly of Muslim Youth,c1991 axi, 96p. aBiography